Crossover effects, chain formation and unambiguous binding

Bibliographic Details
Published in:Studies in comparative Germanic syntax, ed. by Hubert Haider, Susan Olsen and Sten Vikner, Dordrecht [etc.], 1995, p. 187-218 (Studies in natural language and linguistic theory)
Main Author: Müller, Geron
Content type: Article
Published: 1995
Source:MPIPL_cat
_version_ 1863687006925619200
author Müller, Geron
author_facet Müller, Geron
author_search Müller, Geron
author_sort Müller, Geron
author_variant g m gm
collection_details MPIPL
container_reference p. 187-218
container_start_page 187
container_title Studies in comparative Germanic syntax
dedup_id_str MPIPL_cat.PL0064576
dewey-hierarchy 0/[Unassigned]/
dewey-hierarchy_str 0/[Unassigned]/
first_indexed 2026-03-14T00:40:13Z
format 0/Artikel/
format_str 0/Artikel/
fullrecord <?xml version="1.0" encoding="UTF-8"?> <collection xmlns:xsi="http://www.w3.org/2001/XMLSchema-instance" xsi:schemaLocation="http://www.loc.gov/MARC21/slim http://www.loc.gov/standards/marcxml/schema/MARC21slim.xsd" xmlns="http://www.loc.gov/MARC21/slim"> <record> <leader>00000naa a2200000 u 4500</leader> <controlfield tag="001">PL0064576</controlfield> <controlfield tag="003">PLI01000000000000000062774</controlfield> <controlfield tag="005">00000000000000.0</controlfield> <controlfield tag="008"> ||| u </controlfield> <datafield tag="100" ind1="1" ind2=" "> <subfield code="a">Müller, Geron</subfield> </datafield> <datafield tag="245" ind1="0" ind2="0"> <subfield code="a">Crossover effects, chain formation and unambiguous binding</subfield> <subfield code="c">Gereon Müller</subfield> </datafield> <datafield tag="260" ind1=" " ind2=" "> <subfield code="c">1995</subfield> </datafield> <datafield tag="952" ind1=" " ind2=" "> <subfield code="j">1995</subfield> <subfield code="h">p. 187-218</subfield> </datafield> <datafield tag="996" ind1=" " ind2=" "> <subfield code="a">Aufsatz</subfield> </datafield> <datafield tag="997" ind1=" " ind2=" "> <subfield code="a">book chapter</subfield> </datafield> <datafield tag="773" ind1="0" ind2="8"> <subfield code="t">Studies in comparative Germanic syntax</subfield> <subfield code="a">ed. by Hubert Haider, Susan Olsen and Sten Vikner</subfield> <subfield code="d">Dordrecht [etc.], 1995</subfield> <subfield code="g">p. 187-218</subfield> <subfield code="k">Studies in natural language and linguistic theory</subfield> <subfield code="w">MPIPL_cat.PL0063202</subfield> <subfield code="z">0-7923-3280-6</subfield> <subfield code="i">In:</subfield> </datafield> </record> </collection>
hierarchy_parent_id MPIPL_cat.PL0063202
hierarchy_parent_title Studies in comparative Germanic syntax
id MPIPL_cat.PL0064576
illustrated Not Illustrated
institution MPIPL_cat
institution_str MPIPL_cat
isbn 9780792332800
0-7923-3280-6
language und
language_str und
last_indexed 2026-04-27T23:41:44Z
local_fields Aufsatz
online false
online_MPIPL_cat false
online_str false
publishDate 1995
publishDate_str 1995
record_format marc
spelling Müller, Geron
Crossover effects, chain formation and unambiguous binding
Gereon Müller
1995
Studies in comparative Germanic syntax
ed. by Hubert Haider, Susan Olsen and Sten Vikner
Dordrecht [etc.], 1995
p. 187-218
Studies in natural language and linguistic theory
0-7923-3280-6
In
spellingShingle Müller, Geron
Crossover effects, chain formation and unambiguous binding
title Crossover effects, chain formation and unambiguous binding
title_full Crossover effects, chain formation and unambiguous binding Gereon Müller
title_fullStr Crossover effects, chain formation and unambiguous binding Gereon Müller
title_full_unstemmed Crossover effects, chain formation and unambiguous binding Gereon Müller
title_search Crossover effects, chain formation and unambiguous binding
title_short Crossover effects, chain formation and unambiguous binding
title_sort crossover effects chain formation and unambiguous binding gereon müller